Parroquias de Outeiro de Rei - Estadísticas

Estadísticas generales
  • Esta prueba ha sido intentada 7 veces
  • La puntuación promedio es 13 de 27
Estadísticas de respuestas
Parroquias % Correcto
Caboi
75%
Candai
75%
Francos
75%
Santiago de Gaioso
75%
Vicinte
75%
Vilela
75%
Bonxe
50%
Cela
50%
Folgueira
50%
Martul
50%
Matela
50%
Mosteiro
50%
Outeiro de Rei
50%
Parada
50%
Paz
50%
San Tomé de Gaioso
50%
Sobrada de Aguiar
50%
Taboi
50%
Arcos
25%
Aspai
25%
Castelo de Rei
25%
Robra
25%
San Clodio de Aguiar
25%
San Lourenzo de Aguiar
25%
Santa Mariña
25%
Silvarrei
25%
Guillar
0%
No se encontraron pruebas coincidentes
Distribución de puntuación
Porcentaje de gente con cada puntuación
Porcentaje por número respondido
Historial de tus puntuaciones
No has intentado esta prueba.